How to obtain air quality permits
Topics include: Introduction to Air Permitting; Assessing Compliance with Clean Air Requirements; Ambient-Air Quality Monitoring; Liabilities and Enforcement; State Permitting program; and State Environmental Agencies. CD-ROM included.
Saved in:
| Main Author: | |
|---|---|
| Format: | Book |
| Language: | Undetermined |
| Published: |
New York
McGraw-Hill
2003
|
| Subjects: | |
| Tags: |
Add Tag
No Tags, Be the first to tag this record!
|
| Institutions: | Trung tâm Học liệu Trường Đại học Cần Thơ |
|---|
| LEADER | 00821nam a2200217Ia 4500 | ||
|---|---|---|---|
| 001 | CTU_214507 | ||
| 008 | 210402s9999 xx 000 0 und d | ||
| 082 | |a 363.7392 | ||
| 082 | |b G816 | ||
| 100 | |a Greenway, A. Roger | ||
| 245 | 0 | |a How to obtain air quality permits | |
| 245 | 0 | |c A. Roger Greenway | |
| 260 | |a New York | ||
| 260 | |b McGraw-Hill | ||
| 260 | |c 2003 | ||
| 520 | |a Topics include: Introduction to Air Permitting; Assessing Compliance with Clean Air Requirements; Ambient-Air Quality Monitoring; Liabilities and Enforcement; State Permitting program; and State Environmental Agencies. CD-ROM included. | ||
| 650 | |a Environmental engineering,Air | ||
| 650 | |x Pollution | ||
| 904 | |i Qhieu | ||
| 910 | |a Sách kèm CD số: AVA.000364 | ||
| 980 | |a Trung tâm Học liệu Trường Đại học Cần Thơ | ||